Annual survey of Industries 1973-74 to 1997-98 (Record no. 692243)

MARC details
000 -LEADER
fixed length control field 00669nam a2200217Ia 4500
003 - CONTROL NUMBER IDENTIFIER
control field OSt
005 - DATE AND TIME OF LATEST TRANSACTION
control field 20220927105402.0
008 - FIXED-LENGTH DATA ELEMENTS--GENERAL INFORMATION
fixed length control field 220926b |||||||| |||| 00| 0 eng d
037 ## - SOURCE OF ACQUISITION
Terms of availability Reference Collections
040 ## - CATALOGING SOURCE
Original cataloging agency RTL
Transcribing agency RTL
Language of cataloging eng
041 ## - LANGUAGE CODE
Source of code eng
Language code of text/sound track or separate title eng
245 #0 - TITLE STATEMENT
Title Annual survey of Industries 1973-74 to 1997-98
Remainder of title A database on the industrial sector in India
260 ## - PUBLICATION, DISTRIBUTION, ETC.
Place of publication, distribution, etc. MUBAI
Name of publisher, distributor, etc. EPW research Foundation
Date of publication, distribution, etc. 2002
300 ## - PHYSICAL DESCRIPTION
Extent 1167
Dimensions cm.
942 ## - ADDED ENTRY ELEMENTS (KOHA)
Classification part "X9.2.N74<--N73, P2"
Koha item type
Holdings
Withdrawn status Lost status Damaged status Not for loan Home library Current library Date acquired Total Checkouts Full call number Barcode Date last seen Price effective from Koha item type
        Ratan Tata Library Ratan Tata Library 2022-09-27   "X9.2.N74<--N73 P2" RT1362673 2022-09-27 2022-09-27  
Copyright @ Delhi University Library System